000 00700nam a2200289Ia 4500
005 20260324131806.0
008 008 260324s9999 xx 000 0 eng d
020 _a9780429476235
037 _aEBOOK
040 _aCRL
040 _beng
040 _cCRL
041 _2eng
041 _aeng
084 _qCRL
100 _aMaria Rhode; Didier Houzel
_91186846
245 0 _aInvisible Boundaries
245 0 _bPsychosis and Autism in Children and Adolescents
260 _bTaylor and Francis
260 _c2005
365 _a
365 _b180
856 _uhttp://www.taylorfrancis.com/books/9780429476235
942 _cEBOOK
999 _c1784342
_d1784342